00810 2200193 4500001002100000005001500021035002000036008003900056245006400095100002700159250000600186260004000192300001200232084001400244082000800258650001000266520032800276990001200604INLIS00000000000106020240528074143 a0010-0524000295240528 | | | 1 aSekali Peristiwa Di Banten Selatan /cPramoedya Ananta Toer aAnanta Toer, Pramoedya a1 aJakarta :bLentera Dipantara,c2018 a126 hlm a813 PRA s a813 4aFiksi aNovel ini merupakan hasil "reportase" singkat Pramoedya di wilayah Banten Selatan yang subur tapi rentan dengan penjarahan dan pembunuhan. Tanah yang subur tapi masyarakatnya miskin, kerdil, tidak berdaya, lumpuh daya kerjanya. Mereka diisap sedemikian rupa. Mereka dipaksa hidup dalam tindihan rasa takut yang memiskinkan. a0744038